| 000 | 00399nam a2200133Ia 4500 | ||
|---|---|---|---|
| 008 | 151021s9999 xx 000 0 und d | ||
| 050 | _aTK 5105. 887. W58 2001 | ||
| 245 | _a_Multicast communications | ||
| 260 | _aUSA Morgan Kaufmann Publishers 2001 | ||
| 300 | _axvii, 349p. : ills. | ||
| 500 | _aincludes index | ||
| 650 | _a_Protocols and applications | ||
| 980 | _a^d20110106 04:02:12^okoech | ||
| 999 |
_c5848 _d5848 |
||